Вічний бій (Запис № 378277)
[ простий вигляд ]
| 000 -Лідер | |
|---|---|
| fixed length control field | 00865nam a22002537a 4500 |
| 001 - Контрольний номер | |
| control field | 92031 |
| 003 - Ідентифікатор контрольного номера | |
| control field | UA-OsUOA |
| 005 - Дата та час останнього входження (трансакції) | |
| control field | 20260421100630.0 |
| 007 - Фіксоване поле фізичного опису | |
| fixed length control field | ta |
| 008 - Елементи даних фіксованої довжини – загальна інформація | |
| fixed length control field | 20121210b un ||||| |||| 00| 0 ukr d |
| 020 ## - Міжнародний стандартний книжковий номер (ISBN) | |
| Міжнародний стандартний книжковий номер (ISBN) (НП) | 5308016623 |
| 040 ## - Джерело каталогізації | |
| Агенція оригінальної каталогізації | UA-OsUOA |
| Мова каталогізації | ukr |
| Агенція, яка здійснювала перезапис | UA-OsUOA |
| Агенція, яка здійснювала модифікацію | UA-OsUOA |
| 041 ## - Код мови | |
| Код мови тексту/ звукової доріжки чи окремого заголовка (П) | ukr |
| 080 ## - Індекс Універсальної десяткової класифікації | |
| Індекс Універсальної десяткової класифікації (УДК) (НП) | 821.161.2-1 |
| 090 ## - Локальний шифр розміщення | |
| Класифікаційний індекс УДК | 821.161.2-1 |
| Авторський знак (НП) | Ч-81 |
| 100 ## - Основне введення – ім’я особи | |
| Ім’я особи (НП) | Чубинський В. |
| 9 (RLIN) | 24884 |
| 245 ## - Відомості про назву | |
| Назва (НП) | Вічний бій |
| Решта назви (НП) | вірші, роздуми, щоденникові записи, пісні, спогади про В. Чубинського |
| Дані про відповідальність (НП) | Володимир Чубинський |
| 260 ## - Публікація, розповсюдження і т.п. (Вихідні дані) | |
| Місце публікації, розповсюдження і т.п. (П) | К. |
| Ім’я/ наймення видавництва, розповсюджувача і т.п. (П) | Радосинь |
| Дата публікації, розповсюдження і т.п. (П) | 1993 |
| 300 ## - Фізичний опис | |
| Обсяг | 177 с. |
| 650 #7 - Додаткове предметне введення – тематичний термін | |
| Тематичний термін чи географічна назва, як елемент введення (НП) | 821.161.2 Українська література |
| Джерело заголовка чи терміна | UDC |
| 9 (RLIN) | 41 |
| 942 ## - Додаткові елементи входу (Коха) | |
| Тип елемента Koha | Книги |
| Source of classification or shelving scheme | Universal Decimal Classification |
| 955 ## - Код типу видання за змістом | |
| Код типу видання за змістом (НП) | Літературно-художні видання |
| Стан вилучень | Стан втрат | Джерело класифікації або схеми стелажів | Стан уражень | Не для кредиту | Постійне місце розташування | Поточне розміщення | Дата придбання | Інвентарний номер | Усього замовленно | Повний номер виклику | Штрих-код | Дата останнього перегляду | Ціна ефективна від | Тип елемента Koha | Код колекції | Джерело придбання | Вартість, звичайна ціна покупки | Вартість, ціна заміни |
|---|---|---|---|---|---|---|---|---|---|---|---|---|---|---|---|---|---|---|
| Universal Decimal Classification | АБ - Абонемент НБ | АБ - Абонемент НБ | 10/12/2012 | 53179 | 821.161.2 Ч-81 | 53179 | 07/04/2022 | 10/12/2012 | Книги | |||||||||
| Universal Decimal Classification | АБ - Абонемент НБ | АБ - Абонемент НБ | 07/04/2026 | 821.161.2-1 Ч-81 | 169768 | 07/04/2026 | 07/04/2026 | Книги | Колекція Шевчука Валерія | №17/31.03.2026 | 20.00 | 20.00 |